000 00368nam a22001577a 4500
005 20160429155500.0
008 160429b xxu||||| |||| 00| 0 eng d
041 _aeng
082 _b00955
100 _aBaugia R.K.
_9285
245 _aSale of goods Act
260 _aFaridabad
_bAllahabad law agency
_c2004
300 _a167
650 _aManagement
_9241
942 _cBK
999 _c327
_d327